Empoisonnements célèbres - Statistiques

Statistiques générales
  • Ce quiz a été pris 42 fois
  • Le résultat moyen est 7 sur 12
Statistiques - réponses
Biographie Empoisonnement Mort Année Personnage % Correct
Reine d'Égypte compagne de Jules César puis Marc Antoine serpent ou opium/ciguë/aconit Suicide -30 Cléopâtre VII
98%
Son procès mène à sa condamnation à mort. Platon est son élève ciguë Suicide -399 Socrate
85%
Carthaginois qui franchit les Alpes avec des éléphants poison Suicide -183 Hannibal
78%
Chateuse franco-italienne de Gigi l'amoroso et Laissez-moi danser barbituriques Suicide 1987 Dalida
76%
Actrice franco-germanique interprétant Sissi et compagne un temps d'Alain Delon barbituriques Involontaire 1982 Romy Schneider
66%
Photographe allemande épouse d'Adolf Hitler cyanure Suicide 1945 Eva Braun
59%
Mathématicien britannique pionner de l'IA et ayant déchiffré Enigma cyanure Suicide 1954 Alan Turing
54%
4ème empereur romain assassiné par sa femme Agrippine champignons Assassinat 54 Claude
39%
Religieuse belge connue pour sa chanson Dominique barbituriques Suicide 1985 Sœur Sourire
37%
Empereur du Saint-Empire germanique pendant 30 ans champignons Involontaire 1740 Charles VI
29%
Favorite du roi de France Charles VII mercure Assassinat 1450 Agnès Sorel
27%
Écrivain autrichien du livre Le Joueur d'échecs véronal (barbiturique) Suicide 1942 Stefan Zweig
27%
Aucun quiz correspondant
Distribution des résultats
% des personnes avec chaque résultat
Percentile par nombre de réponses
Votre historique - résultats
Vous n’avez pas pris ce quiz